00483nam a2200193Ia 4500008004100000020001800041050001500059050001400074100002400088245002700112245002300139260001600162260002500178260000900203300001600212300001100228650002900239650002100268180523s9999 xx 000 0 und d a81-7524-148-9 aMAIN RD 97 b.S54 2003 aShekar, K. Chandra. 0aSports physiotherapy / 0cK. Chandra Shekar. aNew Delhi : bKhel Sahitya Kendra, c2003 a304 pages : c22 cm. aSports physical therapy. xSports injuries.